000
00331 a2200157 4500
001
155490
040
_c
Escola São Tomás de Aquino
100
_a
PASCHOALIN
240
1
0
_a
Minigramática
_l
por
245
1
0
_a
Minigramática
300
_a
397
362
0
_a
1997
440
1
_a
FTD
697
_a
Língua portuguesa
942
_c
BK
999
_c
155490
_d
155490